Thermodynamics: an Engineering Approach (Record no. 7234)

000 -LEADER
fixed length control field 00419nam a2200157Ia 4500
008 - FIXED-LENGTH DATA ELEMENTS--GENERAL INFORMATION
fixed length control field 200103s9999||||xx |||||||||||||| ||und||
020 ## - INTERNATIONAL STANDARD BOOK NUMBER
International Standard Book Number 9789339221652
082 ## - DEWEY DECIMAL CLASSIFICATION NUMBER
Classification number Column-28
100 ## - MAIN ENTRY--PERSONAL NAME
Personal name Cengel, Yunus A. and Cimbala, John M.
245 #0 - TITLE STATEMENT
Title Thermodynamics: an Engineering Approach
250 ## - EDITION STATEMENT
Edition statement 8th Ed.
260 ## - PUBLICATION, DISTRIBUTION, ETC. (IMPRINT)
Name of publisher, distributor, etc McGraw-Hill Book Company, Inc.
Date of publication, distribution, etc 2016
300 ## - PHYSICAL DESCRIPTION
Extent xxiii, 954
942 ## - ADDED ENTRY ELEMENTS (KOHA)
Item type Books
Holdings
Withdrawn status Lost status Source of classification or shelving scheme Damaged status Not for loan Collection code Permanent location Current location Shelving location Date acquired Total Checkouts Total Renewals Full call number Barcode Date last seen Date last borrowed Koha item type Public note
          Non-fiction IMU-MPC Library IMU-MPC Library General Stacks 2020-01-08 11 10 Column-28 MPC5511 2024-12-13 2024-12-12 Books Column-28
Copyright © 2021 Indian Maritime University, Mumbai Port Campus. All Rights Reserved. Managed & Maintained by Central Library, IMU-Mumbai

webs counters

Powered by Koha